000 00507nam a22001817a 4500
005 20251108164218.0
008 250721s2001 xx 000 0 ara d
082 1 4 _a216/سما
100 1 _aسمارة، محمد
245 1 0 _aالمختصر في أصول الفقه /
264 1 _aاربد :
_bالمركز القومي،
_c2001.
300 _a141ص
650 1 7 _aالإسلام
650 1 7 _aالقرآن الكريم
650 1 7 _aالفقه الإسلامي
942 _2ddc
_cBK
999 _c6471
_d6471